En otra parte del mundo / (Registro nro. 30693)
[ vista simple ]
| 000 -CABECERA | |
|---|---|
| campo de control de longitud fija | 00826nam a22002177a 4500 |
| 008 - CÓDIGOS DE INFORMACIÓN DE LONGITUD FIJA | |
| fixed length control field | 240227t2021 ck gr 001 p spa d |
| 020 ## - NÚMERO INTERNACIONAL NORMALIZADO PARA LIBROS | |
| ISBN | 9789585347830 |
| 037 ## - SOURCE OF ACQUISITION | |
| Materials specified | Donación |
| 040 ## - Fuente de catalogación | |
| Agencia original de catalogación | CO-JMCR |
| Agencia de transcripción | CO-JMCR |
| Agencia de modificación | CO-JMCR |
| Convenciones de descripción | rda |
| 041 0# - CÓDIGO DE LENGUA | |
| Código idioma | spa |
| 082 04 - NÚMERO DE LA CLASIFICACIÓN DECIMAL DEWEY | |
| Número de clasificación Decimal | A-P |
| Número de documento (Cutter) | GOMo |
| 100 1# - PUNTO DE ACCESO PRINCIPAL-NOMBRE DE PERSONA | |
| 9 (RLIN) | 43384 |
| Nombre personal | Gómez Nieto, Jaime, |
| Término de función/relación | autor |
| 245 13 - TÍTULO PROPIAMENTE DICHO | |
| Título | En otra parte del mundo / |
| Mención de responsabilidad, etc. | Jaime Gómez Nieto |
| 264 ## - PRODUCCION, PUBLICACION, DISTRIBUCION, COPYRIGHT | |
| Lugar de producción, publicación, distribución, etc | Cali : |
| Nombre del editor, productor, distribuidor, etc | Rosa Blindada Ediciones , |
| Fecha de producción, publicación, distribución, copyright | ©2021 |
| 300 ## - DESCRIPCIÓN FÍSICA | |
| Extensión | 82 páginas ; |
| Dimensiones | 21 cm. |
| 500 ## - NOTA GENERAL | |
| Nota general | Incluye datos biográficos del autor |
| 505 0# - NOTA DE CONTENIDO FORMATADO | |
| Nota de contenido formateada | Eleazar Plaza-La poesía de Jaime Gómez Nieto... pág. 11 -- Más allá del silencio-Cosas sin nombre... pág. 25 -- Lo aparente es real...pág. 26 |
| 650 14 - TÉRMINO DE MATERIA | |
| Subdivisión cronológica | Siglo XX |
| 9 (RLIN) | 8739 |
| 650 24 - TÉRMINO DE MATERIA | |
| Subdivisión cronológica | Siglo XX |
| 9 (RLIN) | 40443 |
| Withdrawn status | Lost status | Damaged status | Not for loan | Home library | Current library | Shelving location | Date acquired | Source of acquisition | Total Checkouts | Full call number | Barcode | Date last seen | Copy number | Price effective from | Koha item type |
|---|---|---|---|---|---|---|---|---|---|---|---|---|---|---|---|
| Biblioteca Pública José María del Castillo y Rada | Biblioteca Pública José María del Castillo y Rada | Fiction | 08/28/2023 | Donación | A-P GOMo | 201812093 | 02/27/2024 | Ej.1 | 02/27/2024 | Books |